000 01246cam a2200229 4500
001 ABS63076
008 000000n2000 000 0 eng u
035 _a(Sirsi) u109140
245 _aJolley v Carmel Ltd
260 _c2000
490 _aEstates Gazette
_v[2000] 43 EG 28 October 2000, 185-188(4)
520 _aCA 21 July 2000. On 8 August 1998 the parties exchanged contracts for the purchase by B of a property owned by A. Under the contract, completion was conditional on B obtaining planning permission, and there was no long-stop date. In court the deputy judge decided that there was an implied term that B would use reasonable efforts to obtain planning permission within a reasonable time, and that B would not be in breach of this so long as it had not acted negilgently or unreasonably. A appealed. Held, appeal dismissed on the grounds that it was right to adopt a construction of the contract that was commercially realistic and practical.
590 _aABS
650 _aSALE OF LAND
650 _aContracts
_96232
650 _aREASONABLE TIME
650 _aCONDITIONAL PLANNING PERMISSION
650 _aIMPLIED TERMS
650 _aJOLLEY V CARMEL LTD
690 _aPROPERTY AND LAND LAW-CASE LAW
942 _n0
999 _c65163
_d65163